Statistiques concernant Pays de la coupe du Monde 2010

Cliquez ici pour prendre le quiz!

Statistiques générales

  • Ce quiz a été pris 97 fois
  • Le résultat moyen est 25 sur 32

Statistiques - réponses

Pays% Correct
France
100%
Espagne
99%
Allemagne
97%
Argentine
97%
Brésil
97%
Italie
97%
Etats-Unis
93%
Portugal
93%
Japon
92%
Afrique du Sud
91%
Angleterre
91%
Corée du Sud
91%
Algérie
90%
Uruguay
89%
Pays-Bas
87%
Australie
86%
Mexique
86%
Suisse
85%
Chili
79%
Danemark
78%
Ghana
75%
Cameroun
74%
Grèce
72%
Cote d'Ivoire
61%
Serbie
60%
Paraguay
57%
Nigeria
56%
Corée du Nord
55%
Slovénie
55%
Nouvelle-Zélande
52%
Slovaquie
52%
Honduras
49%

Distribution des résultats

Percentile par nombre de réponses

% des personnes avec chaque résultat

Votre développement - résultats

Vous n’avez pas pris ce quiz